| 000 | 00514 a2200169 4500 | ||
|---|---|---|---|
| 999 |
_c2899 _d2899 |
||
| 020 | _a9780335223596 | ||
| 050 | _aLB 1117 OSL 2010 | ||
| 100 |
_aOsler, Audrey _eAuthor |
||
| 245 |
_aStudents' perspectives on schooling / _cAudrey Osler |
||
| 264 |
_aNew York: _bOpen University Press, _c2010 |
||
| 300 |
_axii, 172p. : _bill. |
||
| 500 | _aIncludes index | ||
| 650 | _aEducation | ||
| 650 | _aPhilosophy and social aspects | ||
| 650 | _aStudent participation in administration | ||
| 942 |
_2lcc _cBK _h1117 _iOSL _k2010 |
||